Lexikon našich hospodářských dějin 19. a 20. století v politických a společenských souvislostech

Gespeichert in:
Bibliographische Detailangaben
1. Verfasser: Geršlová, Jana
Weitere Verfasser: Sekanina, Milan
Format: Buch
Sprache:Tschechisch
Veröffentlicht: Praha Nakladatelství Libri 2003
Schlagworte:
Tags: Tag hinzufügen
Keine Tags, Fügen Sie das erste Tag hinzu!

MARC

LEADER 00000nam$a2200000$$$4500
001 0076588
005 20221017104333.7
020 |a 80-7277-178-7 
041 0 |a cze 
044 |a CZ 
245 1 0 |a Lexikon našich hospodářských dějin  |b 19. a 20. století v politických a společenských souvislostech  |c Jana Geršlová, Milan Sekanina 
264 1 |a Praha  |b Nakladatelství Libri  |c 2003 
300 |a 488 s. 
610 2 0 |a dejiny hospodárske 
610 2 0 |a Česko 
100 1 |a Geršlová, Jana 
700 1 |a Sekanina, Milan